000 01489nam a2200241Ii 4500
003 JO-AjNU
005 20240630102205.0
008 230605s9999||||xx |||||||||||||| ||und||
040 _aJO-AjNU
_bara
_erda
_cJO-AjNU
041 _aara
050 1 4 _aQA11 2017
100 1 _aمقدادي، محمد اقبال شامخ حسن
_eمعد
_965921
245 0 0 _aاثر استخدام استراتيجية مدعمة بمهارات الثفكير الناقد في تنمية مهارة حل المشكلة لدى طلبة الصف التاسع الاساسي واتجاهاتهم نحو الرياضيات في الاردن=The Effect of using critical thinking strategy on developing prolem solving skils of the ninth grade students attitudes towards math,s in jordon /
_cاعداد محمد اقبال شامخ حسن مقدادي؛ اشراف احمد حسن القضاة
264 3 1 _a 2017
300 _a77 ورقة
336 _atext
_btxt
_2rdacontent
337 _aunmediated
_bn
_2rdamedia
338 _avolume
_bnc
_2rdacarrier
500 _aرسالة جامعية( ماجستير في مناهج الرياضيات واساليب التدريس)--جامعة ال البيت، كلية العلوم التربوية(المفرق)، 2017، يشتمل على جداول توضيحية
650 4 _aالرياضيات - تعليم وتعليم - المرحلة الثانوية- الاردن
_957626
700 1 _aالقضاة، أحمد حسن
_962613
_eمشرف
942 _2lcc
_cTHS
999 _c29403
_d29403